[Event "Open"]
[Site "Olomouc CZE"]
[Date "2001.08.08"]
[Round "8"]
[White "Cvek,R"]
[Black "Zavurka,R"]
[Result "1-0"]
[WhiteElo "2411"]
[BlackElo "2193"]

1.c4 e6 2.Nf3 d5 3.d4 Nf6 4.Nc3 Be7 5.Bg5 O-O 6.e3 b6 7.Bd3 Bb7 8.O-O Nbd7
9.Rc1 c5 10.Qe2 Ne4 11.Bxe7 Qxe7 12.cxd5 exd5 13.dxc5 Ndxc5 14.Nd4 Rad8 15.Rfd1 Qf6
16.Qf3 Qxf3 17.gxf3 Nxc3 18.Rxc3 Nxd3 19.Rdxd3 Rd7 20.f4 g6 21.Ra3 a6 22.Rab3 b5
23.Rdc3 Rc8 24.Rxc8+ Bxc8 25.Rc3 Bb7 26.b4 Kf8 27.Kg2 Ke7 28.Kg3 f6 29.Kg4 Kd6
30.h4 Rd8 31.Kf3 Rc8 32.Rxc8 Bxc8 33.Ke2 Bh3 34.Nb3 Kc6 35.a3 h6 36.Kd3 Bf5+
37.Kd4 Bc2 38.Nd2 Kd6 39.Nf1 Be4 40.Nh2 Bf5 41.Kc3 Bh3 42.Nf3 Bf1 43.Kd2 Bc4
44.Nd4 Ba2 45.Ke2 Bc4+ 46.Kf3 Bd3 47.Kg4 h5+ 48.Kg3 Bb1 49.Kf3 Bd3 50.Nb3 Bf5
51.Ke2 Bc8 52.f3 Bb7 53.Kd3 Bc8 54.Nd4 Bh3 55.e4 Bf1+ 56.Ke3 dxe4 57.fxe4 Bc4
58.Nf3 Be6 59.Nd2 Ba2 60.Kd4 Ke6 61.Nf1 Bb3 62.Ne3 Ba2 63.f5+ Kf7 64.fxg6+ Kxg6
65.Ng2 Bb1 66.Nf4+ Kh6 67.e5 fxe5+ 68.Kxe5 Bc2 69.Ne6 Kg6 70.Nc7 Kf7 71.Nxa6 Bd3
72.Nc5 Bc2 73.Ne6 Bd1 74.Nd4 Ba4 75.Nf5 Kg6 76.Nd6 Kg7 77.Nf5+ Kg6 78.Nd4 Kf7
79.Ne2 Bc2 80.Ng3 Kg6 81.Ne4 Bd1 82.Nc3  1-0

[Event "Open"]
[Site "Olomouc CZE"]
[Date "2001.08.08"]
[Round "8"]
[White "Volodin,V"]
[Black "Lundvik,J"]
[Result "1-0"]
[WhiteElo "2311"]
[BlackElo "2223"]

1.Nf3 e6 2.c4 d5 3.d4 dxc4 4.e3 Nf6 5.Bxc4 a6 6.a4 Bb4+ 7.Bd2 Qe7 8.O-O O-O
9.Qc2 Bxd2 10.Nbxd2 c5 11.dxc5 Qxc5 12.Nb3 Qh5 13.Qc3 Nc6 14.Nbd4 Bd7 15.Rfd1 Rac8
16.Be2 e5 17.Nxc6 Bxc6 18.Qa5 Be4 19.Rac1 g6 20.Rxc8 Rxc8 21.Rd8+ Rxd8 22.Qxd8+ Kg7
23.Qc8 Bd5 24.h3 e4 25.Nd4 Qe5 26.a5 h5 27.b4 Qd6 28.Qc3 Kh7 29.b5 axb5 30.Bxb5 Ng8
31.Nc2 Qd8 32.Qd4 Qg5 33.Qc5 Qd8 34.Be2 Ne7 35.Nd4 Kh6 36.Bc4 Bxc4 37.Qxc4 Qd5
38.Qxd5 Nxd5 39.Nb5 Nb4 40.Nd6 Nc6 41.Nxb7 Kg7 42.a6 Na7 43.Nc5 f5 44.h4 Kf6
45.Kh2 g5 46.Kg3 Nb5 47.hxg5+ Kxg5 48.Ne6+  1-0

[Event "FSGM August"]
[Site "Budapest HUN"]
[Date "2001.08.09"]
[Round "6"]
[White "Drazic,S"]
[Black "Bhat,V"]
[Result "1/2-1/2"]
[WhiteElo "2480"]
[BlackElo "2404"]

1.c4 e6 2.Nf3 d5 3.e3 Nf6 4.d4 c6 5.Nbd2 Nbd7 6.Bd3 c5 7.O-O Be7 8.b3 O-O
9.Bb2 b6 10.cxd5 exd5 11.e4 dxe4 12.Nxe4 Bb7 13.Re1 Nxe4 14.Bxe4 Bxe4 15.Rxe4 Nf6
16.Re2 Re8 17.dxc5 Bxc5 18.Qxd8 Rexd8 19.Bxf6 gxf6 20.Rc1 a5 21.g3 a4 22.bxa4 Rxa4
23.Nh4 Rd5 24.Rc3 Kg7 25.Kg2 h5 26.Rf3 Rg5 27.Kh3 Rd5 28.Rc3 f5 29.Rf3 Kf6
30.Ng2 Bd6 31.Rb2 b5 32.Ne3 Re5 33.Rd2 Bb4 34.Rd4 Bc5 35.Nd5+ Kg5 36.Rd2 Rd4
37.Rxd4 Bxd4 38.Nf4 b4 39.Nd3 Re2 40.Kg2 Bc3 41.h4+ Kf6 42.Nf4 Rxa2 43.Nd5+ Ke6
44.Nxc3 bxc3 45.Rxc3 Kf6 46.Rc6+ Kg7 47.Kf3 f6 48.Ke3 Kg6  1/2-1/2

[Event "US Open"]
[Site "Framingham USA"]
[Date "2001.08.12"]
[Round "9"]
[White "Shahade,M"]
[Black "Kaufman,La"]
[Result "0-1"]
[WhiteElo "2289"]
[BlackElo "2424"]

1.c4 e6 2.Nf3 d5 3.d4 Nf6 4.Bg5 dxc4 5.Nc3 Bb4 6.e4 c5 7.dxc5 Qa5 8.Bxf6 gxf6
9.Nd2 Ke7 10.Bxc4 Bxc3 11.bxc3 Rd8 12.Qc2 Qxc5 13.Be2 b6 14.Nb3 Qc7 15.O-O Bb7
16.Rad1 Nd7 17.Nd4 a6 18.f4 Rac8 19.Rf3 f5 20.exf5 Bxf3 21.Bxf3 Qxf4 22.fxe6 Ne5
23.exf7 Rxd4 24.Re1 Kf8 25.Qxh7 Nxf3+ 26.gxf3 Qg5+ 27.Kh1 Rh4 28.Qd3 Rxh2+
29.Kxh2 Qh4+ 30.Kg2 Qxe1 31.Qd6+ Qe7 32.Qh6+ Kxf7 33.Qh7+ Ke8 34.Qg8+ Kd7  0-1

[Event "7th Stage Russian Cup"]
[Site "Togliatty RUS"]
[Date "2001.08.13"]
[Round "6"]
[White "Meister,Y"]
[Black "Geller,J"]
[Result "0-1"]
[WhiteElo "2461"]
[BlackElo "2355"]

1.c4 e6 2.Nf3 d5 3.d4 c6 4.g3 Nf6 5.Bg2 dxc4 6.O-O b5 7.a4 Bb7 8.Ne5 Qc8
9.Nc3 a6 10.e4 Nbd7 11.f4 Be7 12.Be3 O-O 13.Qe2 b4 14.Na2 c5 15.Nxd7 Qxd7
16.dxc5 a5 17.Rfd1 Qxa4 18.Qxc4 Ba6 19.Qc1 Rad8 20.h3 Rxd1+ 21.Qxd1 Qc6 22.Qc2 Bb7
23.Nc1 Ra8 24.Nd3 Qb5 25.Ne5 b3 26.Qc4 Qxc4 27.Nxc4 a4 28.Nb6 Ra5 29.e5 a3
30.exf6 axb2 31.Rb1 Bxc5 32.Kf2 Bxg2 33.Rxb2 Ra2 34.Nc4 Ba3 35.Rxa2 bxa2
36.Bd4 Bc5  0-1

[Event "I American Continental"]
[Site "Cali COL"]
[Date "2001.08.15"]
[Round "6"]
[White "Mieles Palau,D"]
[Black "Juarez Flores,C"]
[Result "0-1"]
[WhiteElo "2452"]
[BlackElo "2400"]

1.c4 e6 2.Nf3 d5 3.b3 Nf6 4.Bb2 Be7 5.e3 O-O 6.d4 b6 7.Bd3 Bb7 8.O-O Nbd7
9.Nbd2 c5 10.Rc1 cxd4 11.Nxd4 Nc5 12.Bb1 dxc4 13.Nxc4 Qd5 14.Nf3 Qh5 15.Qe2 Nce4
16.Nd4 Qg5 17.f3 Nc5 18.a3 Rac8 19.Qc2 Qh6 20.b4 Ncd7 21.Qf2 Nd5 22.Rfe1 Bh4
23.g3 Be7 24.e4 N5f6 25.Ne3 Qh5 26.Bd3 Bd6 27.Rcd1 Bb8 28.Qf1 Ne5 29.g4 Qh6
30.Bc1 Rxc1 31.Rxc1 Rd8 32.Red1 Rxd4 33.Be2 Rxd1 34.Rxd1 Ned7  0-1

[Event "TCh-ESP Div 2"]
[Site "Vila Real ESP"]
[Date "2001.08.15"]
[Round "3"]
[White "Pinero Fernandez,X"]
[Black "Valles Moreno,I"]
[Result "1/2-1/2"]
[WhiteElo "2191"]
[BlackElo "2181"]

1.c4 e6 2.Nf3 d5 3.g3 c5 4.Bg2 Nc6 5.O-O Nf6 6.cxd5 exd5 7.d4 Be7 8.dxc5 Bxc5
9.a3 a6 10.b4 Ba7 11.Bb2 O-O 12.Nc3 Re8 13.Rc1 Bg4 14.Na4 Ne4 15.Nc5 Nxc5
16.bxc5 Rc8 17.Qd2 f6 18.Rfd1 Ne7 19.Qd4 Be6 20.Ng5 Rc6  1/2-1/2

[Event "ch-FRA Gp B"]
[Site "Marsailles FRA"]
[Date "2001.08.17"]
[Round "5"]
[White "Bauer,Ch"]
[Black "Fressinet,L"]
[Result "1/2-1/2"]
[WhiteElo "2576"]
[BlackElo "2606"]

1.c4 e6 2.Nf3 d5 3.d4 Nf6 4.e3 a6 5.Qc2 dxc4 6.Bxc4 c5 7.dxc5 Bxc5 8.Bb5+ Bd7
9.Qxc5 Bxb5 10.Nc3 Nbd7 11.Qd6 Bc6 12.Nd4 Bxg2 13.Rg1 Be4 14.Rxg7 Bg6 15.e4 Qe7
16.Qxe7+ Kxe7 17.Bg5 Kf8 18.Bh6 Ke8 19.Rd1 Ne5 20.f3 Rd8 21.Ke2 Nh5 22.Nxe6 Rxd1
23.Nxd1 Nc6 24.Ke3 Nxg7 25.Nxg7+ Kd7 26.Nc3 Ne7 27.h4 Ng8 28.Bf4 h5 29.Nd5 f6
30.e5 fxe5 31.Bxe5 Bf7 32.Nb6+ Kc6 33.Nf5 Rh7 34.Na4 Bxa2 35.Nd4+ Kd7 36.b3 Bb1
37.Nb6+ Ke8 38.Nd5 Kf7 39.Nc3 Bg6 40.Na4 Ne7 41.Kf4 Nc6 42.Nxc6 bxc6 43.Nc5 Bc2
44.Kg5 a5 45.f4 Kg8 46.f5 Re7 47.Kf4 Kf7 48.Ne6 Bxb3 49.Nd8+ Kg8 50.Nxc6 Rb7
51.Nxa5 Rb4+ 52.Kg5 Bd5 53.Kxh5 Kf7 54.Kg5 Ra4 55.Bc3 Bf3 56.f6 Rg4+ 57.Kf5 Rxh4
58.Ke5 Rh5+ 59.Kd4 Rd5+ 60.Ke3 Rxa5  1/2-1/2

[Event "Open"]
[Site "Lisbon POR"]
[Date "2001.08.24"]
[Round "4"]
[White "Iruzubieta,J"]
[Black "Gunter,D"]
[Result "1-0"]
[WhiteElo "2414"]
[BlackElo "2140"]

1.Nf3 e6 2.c4 d5 3.d4 c5 4.cxd5 exd5 5.Nc3 Nc6 6.Bg5 Be7 7.Bxe7 Ngxe7 8.g3 Bg4
9.dxc5 Bxf3 10.exf3 Qa5 11.Bb5 a6 12.Bxc6+ bxc6 13.Qd4 O-O 14.O-O Rab8 15.a3 Nf5
16.Qe5 g6 17.b4 Qd8 18.Rad1 Qg5 19.Rfe1 Rbe8 20.Qxe8 Rxe8 21.Rxe8+ Kg7 22.Nxd5 cxd5
23.c6 Nd6 24.c7 Qf5 25.Rc1 Nc8 26.a4 h5 27.Rxc8 Qxc8 28.b5 axb5 29.axb5 d4
30.b6 d3 31.b7 Qxb7 32.c8=Q Qxf3 33.Qc3+ Kh7 34.Qd2 h4 35.Qf4  1-0

[Event "Open"]
[Site "Lisbon POR"]
[Date "2001.08.25"]
[Round "5"]
[White "Horvath,Cs"]
[Black "Jonkman,H"]
[Result "1/2-1/2"]
[WhiteElo "2545"]
[BlackElo "2468"]

1.c4 e6 2.Nf3 d5 3.b3 Nf6 4.Bb2 b6 5.cxd5 Nxd5 6.g3 Bb7 7.Bg2 Nf6 8.O-O c5
9.Nc3 Be7 10.Rc1 O-O 11.d4 Na6 12.e3 Rc8 13.a3 Nb8 14.dxc5 Bxc5 15.b4 Be7
16.Qe2 Ne4 17.Rfd1 Qe8 18.Nxe4 Bxe4 19.Nh4 Bg6 20.Nxg6 hxg6 21.Qf3 Qa4 22.Qb7 Bf6
23.Rxc8 Qxd1+ 24.Bf1 Rxc8 25.Qxc8+ Qd8 26.Qxd8+ Bxd8 27.h4 g5 28.hxg5 Bxg5
29.Kg2 Bf6 30.Bc1 Kf8 31.Kf3 Ke7 32.Ke4 Kd6 33.f4 Nc6 34.Bb5 Nb8 35.Kd3 g6
36.e4 Bg7 37.e5+ Ke7 38.Ke4 Nd7 39.g4 Kd8 40.Bb2 Kc7 41.Bd4 Bf8 42.Kd3 Be7
43.g5 Bd8 44.Kc4 Be7 45.a4 Bd8 46.Bxd7 Kxd7 47.Kb5 Kc7 48.Ka6 Kb8 49.a5 Be7
50.Bc3 bxa5 51.bxa5 Bc5 52.Bd2 Kc7 53.Kb5 Bf2 54.Bc1 Kb7 55.a6+ Kc7 56.Bd2 Kd7
57.Bc1 Kc7 58.Bd2 Kd7 59.Bc1 Kc7 60.Bd2  1/2-1/2

[Event "21st Open"]
[Site "Bratto ITA"]
[Date "2001.08.26"]
[Round "5"]
[White "Caoili,A"]
[Black "Dittmar,P"]
[Result "1/2-1/2"]
[WhiteElo "2152"]
[BlackElo "2348"]

1.c4 e6 2.Nf3 d5 3.d4 Nf6 4.e3 c5 5.cxd5 exd5 6.Bb5+ Nc6 7.Ne5 Qc7 8.Qa4 Bd7
9.Nxd7 Qxd7 10.O-O Bd6 11.dxc5 Bxc5 12.Bd2 O-O 13.Rc1 Ne4 14.Be1 Rac8 15.Nc3 Rfe8
16.Rd1 Nxc3  1/2-1/2

[Event "1st Open"]
[Site "St-Chely d'Aubrac FRA"]
[Date "2001.08.27"]
[Round "2"]
[White "Larand,M"]
[Black "Grimberg,G"]
[Result "0-1"]
[WhiteElo "2051"]
[BlackElo "2300"]

1.c4 e6 2.Nf3 d5 3.g3 Nf6 4.Bg2 c5 5.cxd5 exd5 6.d4 Nc6 7.Nc3 Be7 8.O-O O-O
9.dxc5 Bxc5 10.b3 Re8 11.Bb2 a6 12.Rc1 Ba7 13.Na4 Qd6 14.Nd4 Bg4 15.Re1 Nxd4
16.Bxd4 Bxd4 17.Qxd4 Rxe2 18.Rxe2 Bxe2 19.Nc3 Bb5 20.Nxd5 Nxd5 21.Qxd5 Qa3
22.Rc7 Rf8 23.Qd2 b6 24.Bd5 Be8 25.h4 Kh8 26.b4 a5 27.bxa5 bxa5 28.Ra7 a4
29.Qf4 Qc5  0-1

[Event "1st Open"]
[Site "St-Chely d'Aubrac FRA"]
[Date "2001.08.27"]
[Round "3"]
[White "Manouck,T"]
[Black "Flear,G"]
[Result "0-1"]
[WhiteElo "2284"]
[BlackElo "2489"]

1.c4 e6 2.Nf3 d5 3.g3 Nf6 4.b3 Be7 5.Bg2 O-O 6.O-O a5 7.Nc3 d4 8.Nb5 Nc6
9.Bb2 e5 10.e3 Bc5 11.exd4 exd4 12.d3 Bg4 13.Qd2 Re8 14.a3 Bxf3 15.Bxf3 Ne5
16.Bxb7 Rb8 17.f4 Nxd3 18.Qxd3 Rxb7 19.Rfd1 c6 20.Qf3 Qb6 21.b4 axb4 22.axb4 Bxb4
23.Bxd4 Bc5 24.Kh1 Ne4 25.Bxc5 Qxc5 26.Qxe4 Rxe4 27.Rd8+ Qf8 28.Rxf8+ Kxf8
29.Nd6 Rbe7 30.Nxe4 Rxe4 31.Rc1 Re2 32.Rd1 Ke7 33.f5 Rf2 34.g4 Rf4 35.f6+ Kxf6
36.Rd6+  0-1

[Event "1st Open"]
[Site "St-Chely d'Aubrac FRA"]
[Date "2001.08.28"]
[Round "5"]
[White "Pira,D"]
[Black "Flear,G"]
[Result "0-1"]
[WhiteElo "2432"]
[BlackElo "2489"]

1.c4 e6 2.Nf3 d5 3.e3 Nf6 4.b3 Bd6 5.Bb2 Nbd7 6.d4 c6 7.Bd3 O-O 8.O-O b6
9.Nbd2 Bb7 10.Ne5 Qe7 11.Qf3 Rfd8 12.e4 Bb4 13.Rad1 Bxd2 14.Nxd7 Nxe4 15.Bxe4 dxe4
16.Qxe4 Bg5 17.Ne5 c5 18.Nc6 Bxc6 19.Qxc6 Bf6 20.Ba3 Rac8 21.Qe4 Qd7 22.d5 Qb7
23.Rd3 Bd4 24.Rh3 h6 25.Rh5 exd5 26.cxd5 g6 27.Rxh6 Qxd5 28.Qb1 Re8 29.Re1 Bxf2+
30.Kxf2 Qd2+ 31.Kf1 Qxh6 32.Kg1 Qd2 33.Rd1 Qe3+ 34.Kh1 Rcd8 35.Rf1 Qe2  0-1

[Event "21st Open"]
[Site "Bratto ITA"]
[Date "2001.08.29"]
[Round "8"]
[White "Sarno,S"]
[Black "Dervishi,E"]
[Result "1/2-1/2"]
[WhiteElo "2400"]
[BlackElo "2491"]

1.c4 e6 2.Nf3 d5 3.d4 Nf6 4.Nc3 Be7 5.cxd5 exd5 6.Bg5 O-O 7.e3 Nbd7 8.Bd3 Re8
9.O-O c6 10.Qc2 Nf8 11.Rab1 Bg4 12.Nd2 Bh5 13.b4 a6 14.Bxf6 Bxf6 15.a4 Rc8
16.Nb3 Be7 17.Nc5 Rc7 18.Rfc1 Bd6 19.Ne2 Qh4 20.Ng3 Bg6 21.Bxg6 hxg6 22.Qd1 Nh7
23.b5 Nf6 24.Nf1 cxb5 25.axb5 Bxc5 26.dxc5 Ne4 27.Ng3 Nxc5 28.Qxd5 Qe7 29.bxa6 bxa6
30.Ne2 Rd8 31.Qc4 Qd6 32.Qd4 Ne6 33.Qxd6 Rxc1+ 34.Rxc1 Rxd6 35.f3 Kf8 36.Kf2 Ke7
37.e4 Rd2 38.Ke3 Ra2 39.h4 a5 40.g4 Ra3+ 41.Kf2 Kd6 42.Rd1+ Kc6 43.e5 g5
44.hxg5 Nxg5 45.Nd4+ Kc5 46.Kg3 Kc4 47.Kf4 Rd3 48.Ra1 Nh3+ 49.Kg3 Rxd4 50.Kxh3 Kb5
51.Kh4 a4 52.Kg5 Rd7 53.f4 Kb4 54.f5 Re7 55.e6 fxe6 56.Re1 a3 57.Kg6 a2 58.f6 gxf6
59.Kxf6 Re8 60.Ra1 Kb3 61.Kf7 Ra8 62.Kxe6  1/2-1/2

[Event "21st Open"]
[Site "Bratto ITA"]
[Date "2001.08.30"]
[Round "9"]
[White "Preiss,M"]
[Black "Dittmar,P"]
[Result "0-1"]
[WhiteElo "2262"]
[BlackElo "2348"]

1.c4 e6 2.Nf3 d5 3.g3 Nf6 4.Bg2 c5 5.O-O Nc6 6.b3 Be7 7.Bb2 d4 8.e3 e5 9.exd4 exd4
10.d3 O-O 11.Na3 Bf5 12.Nc2 a5 13.a3 Qb6 14.Nh4 Bg4 15.f3 Be6 16.Rb1 g5 17.f4 gxh4
18.f5 Bd7 19.gxh4 Kh8 20.Bc1 Rae8 21.Ne1 Ne5 22.Rb2 Bc6 23.Re2 Bd6 24.Bg5 Ned7
25.Bxc6 Qxc6 26.Rg2 Rg8 27.Nf3 Bf8 28.Qd2 b6 29.Kf2 Ne5 30.Ne1 Neg4+  0-1

[Event "EYCC B18"]
[Site "Halkidiki GRE"]
[Date "2001.08.31"]
[Round "1"]
[White "Kalaitzidis,P"]
[Black "Palekha,A"]
[Result "1/2-1/2"]
[WhiteElo "2116"]
[BlackElo "2355"]

1.c4 e6 2.Nf3 d5 3.cxd5 exd5 4.d4 c6 5.Nc3 Bf5 6.Bf4 Nf6 7.a3 Bd6 8.Bxd6 Qxd6
9.e3 O-O 10.Bd3 Bxd3 11.Qxd3 Nbd7 12.O-O a5 13.Qc2 Rfe8 14.Rac1 Nb6 15.Na4 Nc4
16.Nc5 Re7 17.Ra1 b6 18.Nd3 a4 19.Rfc1 Ne4 20.Nde5 b5 21.Nd3 f6 22.Nb4 g5
23.Rd1 Rg7 24.Rac1 Rg6 25.Qe2 Kh8 26.Rc2 Rag8 27.Nd2 Nexd2 28.Rdxd2 Rh6 29.g3 Qe6
30.Rd3 f5 31.Qf3 Rf8 32.Re2 Rhf6 33.Rc3 Qg8 34.Qg2 Rg6 35.f3 Qg7 36.Kh1 f4
37.e4 Qxd4 38.Rd3 Qg7 39.exd5 Ne3 40.Rexe3 fxe3 41.dxc6 Re6 42.Qe2 g4 43.f4 Qg6
44.Rxe3 Rxe3 45.Qxe3 Qb1+ 46.Qg1 Qe4+ 47.Qg2 Qb1+ 48.Qg1 Qe4+ 49.Qg2 Qb1+  1/2-1/2

[Event "EYCC B14"]
[Site "Halkidiki GRE"]
[Date "2001.09.01"]
[Round "2"]
[White "Ramesa,D"]
[Black "Kolesnikov,E"]
[Result "1-0"]
[WhiteElo "2143"]
[BlackElo "2361"]

1.c4 e6 2.Nf3 d5 3.g3 c6 4.b3 Nf6 5.Bg2 Be7 6.O-O Nbd7 7.Bb2 O-O 8.d4 b6
9.Nc3 Ba6 10.Nd2 b5 11.a4 bxc4 12.bxc4 dxc4 13.Bxc6 Qb6 14.Bb5 Bxb5 15.Nxb5 Rfc8
16.Qc2 a6 17.Na3 c3 18.Bxc3 Nd5 19.Nac4 Rxc4 20.Nxc4 Qc6 21.Ba5 e5 22.Ne3 Qe6
23.Qe4 N7f6 24.Qxe5 Nxe3 25.Qxe6 fxe6 26.fxe3 Ng4 27.Bd2 Bg5 28.Rf3 e5 29.h3 e4
30.hxg4 exf3 31.exf3 Rc8 32.Ra2 Rb8 33.f4 Be7 34.Kg2 Kf7 35.Kf3  1-0

[Event "ADCF Masters"]
[Site "Abu Dhabi UAE"]
[Date "2001.09.03"]
[Round "9"]
[White "Vakhidov,T"]
[Black "Dizdar,G"]
[Result "1/2-1/2"]
[WhiteElo "2474"]
[BlackElo "2537"]

1.c4 e6 2.Nf3 d5 3.d4 Nf6 4.Nc3 Bb4 5.Bg5 h6 6.Bxf6 Qxf6 7.Rc1 dxc4 8.Qa4+ Nc6
9.a3 Bxc3+ 10.Rxc3 O-O 11.Qxc4 e5 12.Nxe5 Nxe5 13.dxe5 Qxe5 14.e3 Be6 15.Qh4 c5
16.Bc4 Bxc4 17.Qxc4 b6 18.O-O Rfd8 19.Rc2 Qd5 20.b4 Rac8 21.h3 Qxc4 22.Rxc4 cxb4
23.Rxc8 Rxc8 24.axb4 a5 25.bxa5 bxa5 26.Ra1 Ra8 27.Kf1 f5 28.Ke2 Kf7 29.Kd3 Ke6
30.Kc4 g5 31.Ra4 Ke5 32.Kb3 f4 33.exf4+ gxf4 34.g3  1/2-1/2

[Event "EYCC B18"]
[Site "Halkidiki GRE"]
[Date "2001.09.03"]
[Round "4"]
[White "Jianu,V"]
[Black "Krupenski,I"]
[Result "1-0"]
[WhiteElo "2402"]
[BlackElo "2226"]

1.c4 e6 2.Nf3 d5 3.d4 Nf6 4.Nc3 Be7 5.Bg5 Nbd7 6.e3 h6 7.Bh4 O-O 8.Qc2 a6
9.cxd5 exd5 10.Bd3 c5 11.dxc5 Nxc5 12.O-O Nxd3 13.Qxd3 Be6 14.Rfd1 Qb6 15.b3 Rac8
16.Rac1 Rfd8 17.h3 Qb4 18.Nd4 Ne8 19.Bxe7 Qxe7 20.Nce2 Nf6 21.Nf4 Ne4 22.Nde2 Qf6
23.f3 Rxc1 24.Rxc1 Ng5 25.Rc7 Qa1+ 26.Kh2 b5 27.Nd4 Qe1 28.Nfxe6 Nxe6 29.Nxe6 fxe6
30.Qd4  1-0

[Event "TCh-YUG"]
[Site "Herceg Novi YUG"]
[Date "2001.09.04"]
[Round "2"]
[White "Paunovic,D"]
[Black "Kalezic,B"]
[Result "1-0"]
[WhiteElo "2502"]
[BlackElo "2462"]

1.c4 e6 2.Nf3 d5 3.d4 c6 4.Qc2 dxc4 5.Qxc4 b5 6.Qc2 Bb7 7.Bg5 Nf6 8.e3 Nbd7
9.Bd3 Rc8 10.O-O a6 11.a4 c5 12.axb5 c4 13.Be2 axb5 14.b3 h6 15.Bxf6 gxf6
16.bxc4 bxc4 17.Nc3 Bd6 18.Rfb1 Bxf3 19.Bxf3 O-O 20.Nb5 Qe7 21.Bb7 Rcd8 22.Nxd6 Qxd6
23.Qxc4 f5 24.g3 Qe7 25.Qc7 Qg5 26.h4 Qg7 27.Qf4 Nf6 28.Bf3 Rc8 29.Rc1 Rb8
30.Rab1 Rxb1 31.Rxb1 Rc8 32.d5 Nh7 33.dxe6 fxe6 34.Rb7 Qf6 35.Kg2 Nf8 36.Bh5 Ng6
37.Bxg6 Qxg6 38.Re7 Re8 39.Rxe8+ Qxe8 40.Qxh6 Qc6+ 41.Kh2  1-0

[Event "43rd Open"]
[Site "Imperia ITA"]
[Date "2001.09.08"]
[Round "8"]
[White "Jirovsky,M"]
[Black "Tabernig,B"]
[Result "0-1"]
[WhiteElo "2450"]
[BlackElo "2325"]

1.c4 e6 2.Nf3 d5 3.d4 c6 4.Qc2 Nf6 5.Bf4 dxc4 6.Qxc4 b5 7.Qc2 Bb7 8.e4 Nbd7
9.Bd3 a6 10.a4 b4 11.Nbd2 c5 12.e5 Nd5 13.Bg5 Qb8 14.O-O cxd4 15.Rfe1 h6
16.Bh4 Qa7 17.Nc4 Nc5 18.Bg3 Rc8 19.Nxd4 Nxd3 20.Qxd3 Be7 21.Nd6+ Bxd6 22.exd6 O-O
23.Be5 Ba8 24.Rad1 Rce8 25.Rc1 Qd7 26.Nb3 f6 27.Nc5 Qc6 28.Nxe6 Nc3 29.Qg6 Rxe6
30.Bxc3 Rxe1+ 31.Rxe1 Qxd6 32.Bxf6 Qxf6  0-1

[Event "TCh-CRO Jun"]
[Site "Pula CRO"]
[Date "2001.09.13"]
[Round "4"]
[White "Sikanjic,B"]
[Black "Troselj,T"]
[Result "1/2-1/2"]
[WhiteElo "2059"]
[BlackElo "2098"]

1.c4 e6 2.Nf3 d5 3.g3 Nf6 4.Bg2 Be7 5.O-O O-O 6.d4 b6 7.cxd5 exd5 8.Nc3 Bb7
9.Bf4 c5 10.dxc5 bxc5 11.Qb3 Qb6 12.Ne5 Rd8 13.Rfd1 Qxb3 14.axb3 Ne4 15.Nxe4 dxe4
16.Rxd8+ Bxd8 17.Nc4 Nd7 18.Nd6 Bd5 19.Nxe4 f5 20.Rd1 Bxe4 21.Bxe4 fxe4 22.Rxd7 Bf6
23.Be3 Rb8 24.Bxc5 Rxb3 25.Bd4 Bxd4 26.Rxd4 e3 27.fxe3 Rxb2  1/2-1/2

[Event "TCh-CRO"]
[Site "Pula CRO"]
[Date "2001.09.16"]
[Round "7"]
[White "Feletar,D"]
[Black "Kovacevic,B"]
[Result "1/2-1/2"]
[WhiteElo "2441"]
[BlackElo "2443"]

1.c4 e6 2.Nf3 d5 3.d4 Nf6 4.Nc3 Nbd7 5.Bf4 Bb4 6.cxd5 exd5 7.e3 c5 8.Bd3 c4
9.Bf5 Nb6 10.Bc2 Ne4 11.Bxe4 dxe4 12.Nd2 Bxc3 13.bxc3 O-O 14.O-O Bf5 15.a4 Rc8
16.Qe2 Nd5 17.Rfc1 Qa5 18.Qf1 Qa6 19.Bg3 Rfe8 20.Qd1 Qc6 21.Qc2 b6 22.Rcb1 a6
23.h3 g5 24.Re1 Qg6 25.f3 f6 26.Rac1 Kg7 27.Bh2 Nxe3 28.Rxe3 exf3 29.Rxe8 Rxe8
30.Qd1 fxg2 31.Nxc4 Bxh3 32.Nd6 Re3 33.Kf2 Re7 34.Qf3 Bd7 35.Kxg2 h5 36.Rf1 Bg4
37.Nf5+ Bxf5 38.Qxf5 Re2+ 39.Kg1 Qxf5 40.Rxf5 Kg6 41.Rf2 Re1+ 42.Rf1 Rxf1+
43.Kxf1 b5 44.axb5 axb5 45.Bc7 f5 46.d5 Kf6 47.Bd8+ Ke5 48.Bxg5 Kxd5 49.Kg2 Kc4
50.Bf6  1/2-1/2

[Event "TCh-CRO"]
[Site "Pula CRO"]
[Date "2001.09.16"]
[Round "7"]
[White "Bertok,M"]
[Black "Pavasovic,D"]
[Result "1/2-1/2"]
[WhiteElo "2297"]
[BlackElo "2539"]

1.c4 e6 2.Nf3 d5 3.g3 dxc4 4.Qa4+ c6 5.Qxc4 b5 6.Qc2 Bb7 7.Bg2 Nf6 8.O-O Nbd7
9.b3 Be7 10.Bb2 O-O 11.d3 c5 12.Nbd2 Rc8 13.Rac1 Qb6 14.Qb1 Rfd8 15.Qa1 Bf8
16.a3 Nd5 17.d4 Qa6 18.dxc5 Nxc5 19.Bd4 Nb6 20.b4 Nca4 21.Rxc8 Rxc8 22.Rc1 Nc4
23.Nxc4 bxc4 24.Ne1 Bxg2 25.Nxg2 Nb6 26.Ne3 Nd5 27.Nxd5 exd5 28.Qc3 Re8 29.e3 Qa4
30.Kg2 Rb8 31.e4 dxe4 32.Qe3 a5 33.Rxc4 axb4 34.axb4 Rxb4 35.Rxb4 Bxb4 36.Qg5 Bf8
37.Bxg7 Bxg7 38.Qd8+ Bf8 39.Qg5+  1/2-1/2

[Event "Essent Open"]
[Site "Hoogeveen NED"]
[Date "2001.10.12"]
[Round "1"]
[White "Naes,F"]
[Black "Berelovich,A"]
[Result "0-1"]
[WhiteElo "2223"]
[BlackElo "2512"]

1.Nf3 e6 2.c4 d5 3.g3 c5 4.cxd5 exd5 5.d4 Nc6 6.Nc3 Nf6 7.Bg2 Be7 8.O-O O-O
9.Bg5 cxd4 10.Nxd4 h6 11.Be3 Bg4 12.Qa4 Na5 13.Rfd1 Nc4 14.Bc1 Nb6 15.Qb3 a5
16.h3 Bd7 17.Kh2 a4 18.Qc2 Re8 19.Nf5 Bf8 20.Nxd5 Nfxd5 21.Bxd5 Qf6 22.e4 Nxd5
23.Rxd5 Bc6 24.e5 Qg6 25.Rd4 Rxe5 26.g4 Re1 27.Bxh6 Rxa1 28.Bxg7 Rh1+ 29.Kg3 Rg1+
30.Kf4 Kh7 31.Bxf8 Rxf8 32.Qc5 Rg8 33.Qe7 Re8 34.Qh4+ Kg8 35.Rd8 Re1 36.Ne7+ Rxe7
37.Qxe7 Rxd8 38.Qxd8+ Kg7 39.g5 Qe4+ 40.Kg3 Qf3+ 41.Kh4 Qf4+ 42.Kh5 Bf3+  0-1

[Event "FSIMA October"]
[Site "Budapest HUN"]
[Date "2001.10.13"]
[Round "8"]
[White "Gonda,L"]
[Black "Boguszlavszkij,J"]
[Result "1-0"]
[WhiteElo "2309"]
[BlackElo "2268"]

1.c4 e6 2.Nf3 d5 3.b3 c6 4.g3 f5 5.Bg2 Nf6 6.O-O Nbd7 7.d4 Bd6 8.Ba3 Bxa3
9.Nxa3 O-O 10.Nc2 Ne4 11.Nce1 a5 12.Nd3 b6 13.Nfe5 Bb7 14.a3 Rc8 15.b4 Nxe5
16.Nxe5 Nd6 17.bxa5 bxa5 18.Qa4 Nf7 19.Nd3 Ra8 20.Nc5 Qc8 21.Rab1 Ba6 22.Rb6 Bxc4
23.Rxc6 Qe8 24.Nxe6 Rb8 25.Rxc4 dxc4 26.Qxc4 Qc8 27.Qa2 Re8 28.Ng5 Re7 29.Bd5 Qd7
30.Rc1 h6 31.Nxf7 Rxf7 32.Bxf7+ Qxf7 33.Qxf7+ Kxf7 34.Rc5 Ra8 35.Rxf5+  1-0

[Event "TCh-BEL 2001-2"]
[Site "Belgium BEL"]
[Date "2001.10.14"]
[Round "1"]
[White "Schebler,G"]
[Black "Motwani,P"]
[Result "0-1"]
[WhiteElo "2476"]
[BlackElo "2507"]

1.Nf3 e6 2.c4 d5 3.d4 Nf6 4.g3 c6 5.Nbd2 Nbd7 6.Bg2 Bd6 7.O-O O-O 8.Qc2 Re8
9.Rd1 Qe7 10.e3 e5 11.cxd5 Nxd5 12.e4 Nb4 13.Qb1 exd4 14.a3 Na6 15.Nxd4 Nf6
16.Nc4 Bc7 17.f3 Bd7 18.Ne3 Rad8 19.Bd2 Bb6 20.Bc3 Nd5 21.Nxd5 cxd5 22.exd5 Ba4  0-1

[Event "4th Golden Autumn"]
[Site "Alushta UKR"]
[Date "2001.10.20"]
[Round "?"]
[White "Zubarev,A1"]
[Black "Bets,A"]
[Result "1/2-1/2"]
[WhiteElo "2455"]
[BlackElo "2376"]

1.c4 e6 2.Nf3 d5 3.e3 Nf6 4.Nc3 c6 5.b3 Bd6 6.Bb2 O-O 7.Qc2 Qe7 8.d4 Nbd7
9.Be2 Re8 10.O-O dxc4 11.bxc4 e5 12.Rad1 e4 13.Nd2 Nf8 14.Rfe1 Ng6 15.Nf1 Nh4
16.a4 Bh3 17.g3 Ng2 18.Nd2 Nxe1 19.Rxe1 Qe6 20.Rb1 Qf5 21.c5 Bc7 22.Ba3 Rab8
23.Nc4 Bg4 24.Bf1 Qh5 25.Nd2 Re6 26.Ncxe4 Nxe4 27.Nxe4 Bf5 28.Bg2 Rh6 29.h4 Re6
30.Bb4 Qg6 31.f3 Bxe4 32.fxe4 Qxg3 33.e5 Qxe3+ 34.Qf2 Qxf2+ 35.Kxf2 Bd8 36.h5 Bg5
37.Bc3 Ree8 38.a5 f6 39.a6 bxa6 40.Rxb8 Rxb8 41.d5 cxd5 42.c6 Bf4 43.Bxd5+ Kf8
44.c7 Rc8 45.Bb4+ Ke8 46.Bc6+  1/2-1/2

[Event "TCh-CZE 2001-2"]
[Site "CZE"]
[Date "2001.10.20"]
[Round "1"]
[White "Cvek,R"]
[Black "Taborsky,R"]
[Result "1-0"]
[WhiteElo "2426"]
[BlackElo "2234"]

1.c4 e6 2.Nf3 d5 3.d4 f5 4.g3 Nf6 5.Bg2 c6 6.O-O Bd6 7.b3 Qe7 8.Nc3 O-O 9.Bb2 Bd7
10.Ne5 Be8 11.f4 Bh5 12.Qd2 Nbd7 13.e3 Rad8 14.a4 Ne4 15.Nxe4 dxe4 16.Qc2 g5
17.Nxd7 Rxd7 18.Kh1 Kf7 19.fxg5 Ke8 20.d5 Qxg5 21.c5 Bb8 22.d6 Qxe3 23.Rae1 Qg5
24.Be5 Rdf7 25.Rf4 Kd7 26.b4 Rc8 27.Qc4 b6 28.Qa6 Qd8 29.Bxe4 fxe4 30.Rxf7+ Bxf7
31.Qb7+ Ke8 32.Rf1 Bh5 33.Qg7 Bf3+ 34.Rxf3 exf3 35.Qg8+  1-0

[Event "Open"]
[Site "Le Touquet FRA"]
[Date "2001.10.27"]
[Round "?"]
[White "Roos,M FRA"]
[Black "Giffard,N"]
[Result "0-1"]
[WhiteElo "2093"]
[BlackElo "2334"]

1.c4 e6 2.Nf3 d5 3.e3 g6 4.Nc3 Bg7 5.d4 Nc6 6.Bd2 Nge7 7.Rc1 O-O 8.Be2 Nf5
9.O-O Nce7 10.Qb3 c6 11.Rfd1 Nd6 12.cxd5 exd5 13.Be1 Nef5 14.Nb1 Re8 15.Nbd2 Nxd4
16.Nxd4 Bxd4 17.Nf3 Bg7 18.Bc3 Bg4 19.Bxg7 Kxg7 20.Nd4 Bxe2 21.Nxe2 Qf6 22.Nc3 Re7
23.Qb4 Rae8 24.Qd4 Qxd4 25.Rxd4 Nf5 26.Rdd1 d4 27.exd4 Nxd4 28.Kf1 Nf5 29.g3 h5
30.Kg2 Nh6 31.Rd2 f6 32.f3 Nf7 33.Kf2 f5 34.Rcd1 Ne5 35.b3 Nxf3 36.Kxf3 Re3+
37.Kf2 Rxc3 38.Rd7+ Kf6 39.Rxb7 Rc2+ 40.Kf1 Rxa2 41.Rd6+ Re6 42.Rxe6+ Kxe6
43.Rg7 Kf6 44.Rc7 Rxh2 45.Rxc6+ Kg5 46.Ra6 Rb2 47.Rxa7 Rxb3 48.Kf2 h4 49.gxh4+ Kxh4  0-1

[Event "TSGM October"]
[Site "Belgrade YUG"]
[Date "2001.10.30"]
[Round "11"]
[White "Popchev,M"]
[Black "Kosanovic,G"]
[Result "1/2-1/2"]
[WhiteElo "2452"]
[BlackElo "2442"]

1.c4 e6 2.Nf3 d5 3.e3 Nf6 4.d4 Be7 5.Bd3 dxc4 6.Bxc4 c5 7.O-O O-O 8.dxc5 Qxd1
9.Rxd1 Bxc5 10.a3 a6  1/2-1/2